La Educación en formación ciudadana y cultura de paz en Guatemala /

Պահպանված է:
Մատենագիտական մանրամասներ
Հիմնական հեղինակ: Zepeda López, Raúl
Այլ հեղինակներ: Toj, María del Rosario, Florencio Montúfar, Edgar
Ձևաչափ: Տեքստ
Հրապարակվել է: Ciudad de Guatemala: UNESCO
Խորագրեր:
Ցուցիչներ: Ավելացրեք ցուցիչ
Չկան պիտակներ, Եղեք առաջինը, ով նշում է այս գրառումը!

MARC

LEADER 00000 a a2200000 04500
001 34328
003
040
020 |a 99922-9-02-1-8  
022 |a 99922-9-02-1-8  
090 |a 0004 Z275e  
100 |a Zepeda López, Raúl  
245 |a La Educación en formación ciudadana y cultura de paz en Guatemala /  |c Raúl Zepeda López 
260 |a Ciudad de Guatemala:   |b UNESCO  
300 |a 122 p.  
650 |a CIUDADANIA  
650 |a EDUCACION CIVICA  
650 |a CULTURA  
650 |a PAZ  
650 |a GUATEMALA  
700 |a Toj, María del Rosario  
700 |a Florencio Montúfar, Edgar  
999 |c 11441  |d 11441